| 000 | 00632nam a2200193 a 4500 | ||
|---|---|---|---|
| 005 | 20210219151741.0 | ||
| 008 | 991125s1969 mx 000 0 spa u | ||
| 035 | _aUPN01000040180 | ||
| 049 | _aI | ||
| 050 | 4 |
_aTJ755 _bC3.58 1969 |
|
| 100 | 1 | _aCamp, L. S. Prague de | |
| 245 | 1 | 0 |
_aMotores : _bel empleo de la energía desde la rueda hidráulica hasta la pila atómica / _cL. S. Prague de Camp ; tr. Tomás R. Couto. |
| 250 | _a2a ed. | ||
| 260 |
_aMéxico : _bNovaro, _c1969. |
||
| 300 |
_a54 p. : _bil. |
||
| 440 | 0 |
_aLibros de oro del saber ; _v7 |
|
| 650 | 4 |
_aMODELOS Y CONSTRUCCION DE MODELOS - _xMOTORES |
|
| 905 | _aInfantil | ||
| 999 |
_c40180 _d40180 |
||